Statistics for Largest Airports by Country #3

Click here to take the quiz!

General Stats

  • This quiz has been taken 84 times
    (62 since last reset)
  • The average score is 29 of 40

Answer Stats

HintAnswer% Correct
South AfricaCape Town
98%
United KingdomLondon-Gatwick
98%
United KingdomLondon-Luton
98%
PolandWarsaw-Chopin
98%
PolandWarsaw-Modlin
98%
United KingdomLondon-Heathrow
96%
United KingdomLondon-Stansted
96%
AustriaVienna
96%
New ZealandAuckland
95%
IndonesiaJakarta-Soekarno Hatta
95%
United KingdomManchester
95%
South AfricaJohannesburg-OR Tambo
93%
PolandKrakow-Balice
93%
New ZealandWellington
93%
Saudi ArabiaRiyadh-King Khalid
91%
PakistanKarachi-Sinnah
88%
PakistanIslamabad-Bhutto
86%
New ZealandChristchurch
84%
Saudi ArabiaJeddah-King Abdulaziz
84%
AustriaSalzburg
82%
South AfricaDurban-King Shaka
80%
AustriaInnsbruck
75%
PakistanLahore-Iqbal
75%
PolandGdansk-Lech Walesa
73%
AustriaGraz
71%
South AfricaPort Elizabeth
66%
Saudi ArabiaMedina-Prince Abdulaziz
64%
IndonesiaDenpasar-Ngurah Rai
61%
AustriaLinz
59%
PolandKatowice
57%
IndonesiaSurabaya-Juanda
52%
IndonesiaMedan-Kuala Namu
48%
New ZealandDunedin
46%
Saudi ArabiaDammam-King Fahd
41%
New ZealandQueenstown
34%
South AfricaEast London
32%
PakistanPeshawar-Bacha Kahn
32%
PakistanMultan
29%
IndonesiaMakassar-Hasanuddin
18%
Saudi ArabiaBuraidah-Prince Abdulaziz
0%

Score Distribution

Percentile by Number Answered

Percent of People with Each Score

Your Score History

You have not taken this quiz since the last reset